000 00830nac a2200265 i 4500
003 EG-GICUC
005 20260121101205.0
008 251110b2001 au ||||fr|||| 00| 0 eng d
040 _a EG-GICUC
_beng
_c EG-GICUC
_d EG-GICUC
_erda
082 0 4 _221
_a352
092 0 4 _221
099 _aLaw 07 2001
245 0 0 _aLocal Government system.
246 1 _aقانون الحكم المحلى
264 _acairo :
_bThe Middle East Library for Economic services,
_c2001.
300 _a106 page ;
_c30 cm.
336 _2rda content
_atext
337 _2rda media
_aComputer
338 _2rda carrier
_aOnline Resource
650 1 0 _aCivil service
_xLaw and legeslation.
650 1 0 _aLocal government
_xSystems
856 4 0 _uhttps://fll.law.cu.edu.eg/fulltext/bks/ENGB07-00059.pdf
905 _a10
942 _2ddc
_cBK
_e21
_n0
999 _c42245
_d42245